Statistics for Game of Thrones Location by Clue #1

Click here to take the quiz!

General Stats

  • This quiz has been taken 59 times
  • The average score is 12 of 15

Answer Stats

ClueLocation% Correct
City founded by escaped slavesBraavos
92%
Island and castle in the Iron Islands, which serves as the seat of House GreyjoyPyke
92%
The poorest slum district of King's LandingFlea Bottom
90%
Immense castle burnt by dragonfireHarrenhal
90%
The capital of DorneSunspear
88%
Castle that is the regional capital of the ReachHighgarden
87%
City home to the Undying Ones, a conclave of elite warlocksQarth
83%
The first city in Essos that Tyrion arrives at, after escaping from King's LandingPentos
79%
Island where Missandei was bornNaath
75%
City constructed around the HightowerOldtown
75%
The southernmost and oldest of the Free Cities, located at the mouth of the RhoyneVolantis
73%
The third Slaver City that Daenerys capturesMeereen
69%
An abandoned free folk settlement, on the tip of the peninsula called Storrod's PointHardhome
62%
The seat of House TarlyHorn Hill
60%
The westernmost castle along the Wall that is currently in useThe {Shadow} Tower
52%

Score Distribution

Percentile by Number Answered

Percent of People with Each Score

Your Score History

You have not taken this quiz